000 00650nam a22002057a 4500
999 _c22645
_d22645
003 AR-CdUCM
008 190427b ||||| |||| 00| 0 spa d
020 _a9786124294105
040 _aMUNICIPALIDAD PROVINCIAL DEL CUSCO
_cBIBLIOTECA MUNICIPAL DEL CUSCO
082 _a869.57/OL44B
_bOL44B
100 _aOlivares, Melissa
_948743
245 _aLa batalla de la vuelta de obligado /
_cMelissa Olivares
260 _aLima :
_bAlastor Editores,
_c2019.
300 _a91 páginas:
_c24 cm.
440 _aEsplendor en la hierba ;
_n2
_948744
650 _aPoesías peruanas
_948735
650 _aSiglo XXI
_948732
942 _2ddc
_cLIBROS
945 _arac